Teoretické pohľady na manažérsku spôsobilosť a jej ohodnocovanie

Poznatky o manažérskej spôsobilosti. Sedem bodov, v ktorých sa charakterizuje pojem spôsobilosť. Miera spôsobilosti manažérov a kvalita a efektivita ich práce. Kompetenčný model. Ohodnocovanie manažérskej kompetentnosti.

Uložené v:
Podrobná bibliografia
Hlavný autor: Mišúnová Hudáková, Ivana, 1976-
Ďalší autori: Mišún, Juraj, 1978-
Médium: Kapitola
Jazyk:Slovak
Predmet:
Tagy: Pridať tag
Žiadne tagy, Buďte prvý, kto otaguje tento záznam!

MARC

LEADER 00000naa$a2200000$$$4500
001 0155098
005 20240502072728.4
041 0 |a slo 
044 |a SK 
245 1 0 |a Teoretické pohľady na manažérsku spôsobilosť a jej ohodnocovanie  |c Ivana Mišúnová Hudáková, Juraj Mišún 
520 |a Poznatky o manažérskej spôsobilosti. Sedem bodov, v ktorých sa charakterizuje pojem spôsobilosť. Miera spôsobilosti manažérov a kvalita a efektivita ich práce. Kompetenčný model. Ohodnocovanie manažérskej kompetentnosti. 
610 2 0 |a manažéri 
610 2 0 |a riadenie 
610 2 0 |a schopnosti pracovné 
610 2 0 |a vedomosti 
610 2 0 |a spôsobilosť k práci 
610 2 0 |a kreativita 
610 2 0 |a efektívnosť 
100 1 |a Mišúnová Hudáková, Ivana, 1976- 
700 1 |a Mišún, Juraj, 1978-